Công nghệ gia công sau khi in

محفوظ في:
التفاصيل البيبلوغرافية
المؤلف الرئيسي: Huỳnh Trà Ngộ
التنسيق: كتاب
اللغة:Undetermined
منشور في: Thành phố Hồ Chí Minh Văn hóa Sài Gòn 2005
الموضوعات:
الوسوم: إضافة وسم
لا توجد وسوم, كن أول من يضع وسما على هذه التسجيلة!
Thư viện lưu trữ: Trung tâm Học liệu Trường Đại học Cần Thơ
LEADER 00549nam a2200193Ia 4500
001 CTU_101583
008 210402s9999 xx 000 0 und d
020 |c 52000 
082 |a 686.3 
082 |b Ng450 
100 |a Huỳnh Trà Ngộ 
245 0 |a Công nghệ gia công sau khi in 
245 0 |c Huỳnh Trà Ngộ 
260 |a Thành phố Hồ Chí Minh 
260 |b Văn hóa Sài Gòn 
260 |c 2005 
650 |a printing, practical 
904 |i Minh 
980 |a Trung tâm Học liệu Trường Đại học Cần Thơ